000 00495nam a2200181Ia 4500
999 _c29644
_d29644
003 OSt
005 20201123125203.0
008 190216s9999||||xx |||||||||||||| ||und||
020 _a9780143067696
040 _coclc
082 _a920
_bPOO/S
100 _aPookutty, Resul
_96848
245 0 _aShabdhatharapadam /
_cResul Pookutty
260 _bPenguin Books,
_c2010.
_aNew Delhi:
300 _a397p
650 _aOormakurip
942 _cBK
_2ddc
_h920
_iPOO/S
_k920
_mPOO/S